000 00635nam a2200265 a 4500
003 AR-BaBNM
005 20251128205823.0
008 082120s2002 ||||||||||||||000 | spa||
040 _cAR-BaBNM
100 1 _aAron, Raymond
245 0 0 _aDemocracia y totalitarismo
260 _aBarcelona
_bSeix Barral
_c1968
300 _a315 p.
490 0 _aBiblioteca breve
650 4 _aGOBIERNO
650 4 _aTEORIA POLITICA
650 4 _aIDEOLOGIAS
650 4 _aDOCTRINAS POLITICAS
650 4 _aCLASE DIRIGENTE
650 4 _aDICTADURA
650 4 _aDEMOCRACIA
650 4 _aTOTALITARISMO
942 _cBK
998 _cMariana
999 _c12947
_d12947